Neutron radiative capture (Record no. 9055)

MARC details
000 -LEADER
fixed length control field 00568nam a2200193Ia 4500
003 - CONTROL NUMBER IDENTIFIER
control field IN-BaIIA
008 - FIXED-LENGTH DATA ELEMENTS--GENERAL INFORMATION
fixed length control field 211028s9999 xx 000 0 eng d
020 ## - INTERNATIONAL STANDARD BOOK NUMBER
International Standard Book Number 0-08-029330-1
040 ## - CATALOGING SOURCE
Transcribing agency IIA Library
080 ## - UNIVERSAL DECIMAL CLASSIFICATION NUMBER
Universal Decimal Classification number 524.728
Item number ALL-3
100 ## - MAIN ENTRY--PERSONAL NAME
Personal name Allen, B. J
9 (RLIN) 15225
245 #0 - TITLE STATEMENT
Title Neutron radiative capture
Statement of responsibility, etc. B. J Allen
260 ## - PUBLICATION, DISTRIBUTION, ETC.
Place of publication, distribution, etc. Oxford
Name of publisher, distributor, etc. Pergamon Press
Date of publication, distribution, etc. 1984
300 ## - PHYSICAL DESCRIPTION
Extent xiv, 270p.
650 ## - SUBJECT ADDED ENTRY--TOPICAL TERM
Topical term or geographic name entry element Astronomy and astrophysics thesaurus
650 ## - SUBJECT ADDED ENTRY--TOPICAL TERM
Topical term or geographic name entry element Neutron physics
9 (RLIN) 12844
650 ## - SUBJECT ADDED ENTRY--TOPICAL TERM
Topical term or geographic name entry element Neutrons
9 (RLIN) 15226
942 ## - ADDED ENTRY ELEMENTS (KOHA)
Koha item type Books
Holdings
Withdrawn status Lost status Damaged status Not for loan Home library Current library Shelving location Date acquired Total Checkouts Full call number Barcode Date last seen Price effective from Koha item type
        IIA Library-Bangalore IIA Library-Bangalore General Stacks 24/06/1987   524.728/ ALL-3 9952 05/11/2021 24/06/1987 Books

Powered by Koha